Road ahead (Record no. 379037)

000 -LEADER
fixed length control field 00330cam a22001337a 4500
008 - FIXED-LENGTH DATA ELEMENTS--GENERAL INFORMATION
fixed length control field 180718b1995 xxu||||| |||| 00| 0 eng d
082 ## - DEWEY DECIMAL CLASSIFICATION NUMBER
Classification number I5372 G223
100 ## - MAIN ENTRY--PERSONAL NAME
Personal name Gates, Bill
245 ## - TITLE STATEMENT
Title Road ahead
Statement of responsibility, etc. by Bill Gates
260 ## - PUBLICATION, DISTRIBUTION, ETC.
Place of publication, distribution, etc. London
Name of publisher, distributor, etc. Viking
Date of publication, distribution, etc. 1995
300 ## - PHYSICAL DESCRIPTION
Extent 286p.
650 ## - SUBJECT ADDED ENTRY--TOPICAL TERM
Topical term or geographic name entry element Computers
650 ## - SUBJECT ADDED ENTRY--TOPICAL TERM
Topical term or geographic name entry element Information technology
Holdings
Withdrawn status Lost status Damaged status Not for loan Permanent Location Current Location Date acquired Full call number Barcode Date last seen Price effective from Koha item type
        Indian Institute of Public Administration Indian Institute of Public Administration 1996-10-16 I5372 G223 70602 2018-07-21 2018-07-21 Book

Powered by Koha